|
|
|
|
| LEADER |
00000cam a2200000 7i4500 |
| 001 |
0000018204 |
| 005 |
20080611.0 |
| 008 |
080604 |
| 020 |
|
|
|a 8179921387
|
| 090 |
0 |
0 |
|a 658.303
|b MAR
|
| 100 |
1 |
|
|a Martin, Malcom
|
| 245 |
1 |
0 |
|a Encyclopedia of human resource development (set of 9 volumes) :
|b personnel practice, vol. 2
|c Malcom Martin, Tricia Jackson
|
| 260 |
|
|
|a Mumbai :
|b Jaico Publishing House ,
|c 2004
|
| 650 |
|
0 |
|a Human resource management
|x Encyclopedia and dictionary
|
| 650 |
|
0 |
|a Personal management
|x Encyclopedia and dictionary
|
| 700 |
1 |
|
|a Jackson, Tricia
|
| 999 |
|
|
|a 0000896722
|b Book
|c REFERENCE
|e Cawangan Tmn. Ungku Tun Aminah
|
| 999 |
|
|
|a 0001020386
|b Book
|c REFERENCE
|e Perbadanan Perpustakaan Awam Johor
|
| 999 |
|
|
|a 0001020387
|b Book
|c Adult Collection
|e Cawangan Urban Transformation Centre
|